NEW PHYTOLOGIST (Record no. 8464)
[ view plain ]
| 000 -LEADER | |
|---|---|
| fixed length control field | 00356nam a2200133Ia 4500 |
| 022 ## - INTERNATIONAL STANDARD SERIAL NUMBER | |
| ISSN | 0028-646X |
| 245 #0 - TITLE STATEMENT | |
| Title | NEW PHYTOLOGIST |
| 260 ## - PUBLICATION, DISTRIBUTION, ETC. (IMPRINT) | |
| Name of publisher | Cambridge University Press, Cambridge |
| Place of publication | UK |
| 310 ## - CURRENT PUBLICATION FREQUENCY | |
| Current publication frequency | M |
| 500 ## - GENERAL NOTE | |
| General note | Ending Volume & Year: 116, 1990 |
| 500 ## - GENERAL NOTE | |
| General note | Starting Volume & Year: 84, 1980 |
| 942 ## - ADDED ENTRY ELEMENTS (KOHA) | |
| Koha item type | Bound Journal |
| Withdrawn status | Lost status | Damaged status | Not for loan | Home library | Current library | Date acquired | Accession Number | Koha item type |
|---|---|---|---|---|---|---|---|---|
| Bound journals | RRII Library | RRII Library | 31/12/2021 | 08428J | Bound Journal |